| 000 | 00643nam a2200181Ia 4500 | ||
|---|---|---|---|
| 008 | 090630s9999 xx 000 0 und d | ||
| 082 | _b7491 | ||
| 100 | _aसाठे के. अ. | ||
| 245 |
_aप्राप्ती कराशी मैत्री. _cसाठे के. अ. |
||
| 260 |
_bकौशिक - सातारा. _c1982 |
||
| 300 | _a482 | ||
| 600 | _aसाठे के. अ. | ||
| 630 | _aप्राप्ती कराशी मैत्री. | ||
| 655 | _aइतर. | ||
| 700 | _aसाठे के. अ. | ||
| 730 | _aप्राप्ती कराशी मैत्री. | ||
| 942 | _cBOOK | ||
| 999 |
_c259347 _d259347 |
||